[Event "IECG QF.2003.0.00030"]
[Site "IECG email"]
[Date "2003.01.18"]
[Round "2"]
[White "Forte, Frederic"]
[Black "Riker, James"]
[Result "0-1"]
[WhiteElo "1100"]
[BlackElo "1037"]
[PlyCount "92"]
[EventDate "2003.01.18"]
[EventType "tourn (corr)"]
[EventRounds "6"]
[SourceTitle "Corr 2008"]
[Source "ChessBase"]
[SourceDate "2008.06.24"]
[SourceVersion "1"]
[SourceVersionDate "2008.06.24"]
[SourceQuality "1"]

1. e4 c5 2. d4 cxd4 3. Qxd4 Nc6 4. Qd5 e6 5. Qd1 Nf6 6. Nc3 Bb4 7. Nf3 Nxe4 8. Bd2 Nf6 9. Bg5 0-0 10. Bd3 d5 11. 0-0 e5 12. Re1 e4 13. Bxe4 dxe4 14. Qxd8 Nxd8 15. Ne5 Bf5 16. Rad1 Ng4 17. Nxg4 Bxg4 18. Rd4 Bf5 19. Rxb4 Ne6 20. h4 Nc5 21. Nd5 a5 22. Rb5 Ne6 23. Ne7+ Kh8 24. Rxb7 f6 25. Be3 Rab8 26. Ra7 Rxb2 27. h5 Rf7 28. Bc5 g6 29. h6 Rxc2 30. Ra8+ Rf8 31. Nxg6+ hxg6 32. Bxf8 Nxf8 33. Rxf8+ Kh7 34. Re3 Rxa2 35. Rc3 Ra1+ 36. Kh2 Kxh6 37. Rxf6 a4 38. Rc5 Kg5 39. Rcc6 Ra2 40. Kg3 Ra3+ 41. f3 e3 42. f4+ Kh5 43. Kf3 Bg4+ 44. Ke4 e2 45. Rc5+ Bf5+ 46. Rfxf5+ gxf5+ 0-1